000 01230nam a2200229 a 4500
008 120416s1991 ||||||||||||||||| || u
020 _a0801842522
050 _aIBRD(058)WT
110 _aWorld Bank
245 1 0 _aWorld tables
260 _aBaltmore
_bThe Johns Hopkins University Press
_c1991
300 _axvi, 658p. : ill.
350 _a0.00
362 1 _a1991 - 1995
650 0 _aECONOMIC INDICATORS
650 _aDEVELOPMENT INDICATORS
995 _aSPECIAL COLLECTIONS
_e019330
_FCBU-MAIN LIBRARY (Kitwe)
_I0.00
_jIBRD(058)WT/1994
_M4
_UAVAILABLE
_WApr 29, 2014
_y019330
_ZInternational Publications
995 _aSPECIAL COLLECTIONS
_e019329
_FCBU-MAIN LIBRARY (Kitwe)
_I0.00
_jIBRD(058)WT/1995
_M5
_UAVAILABLE
_WApr 29, 2014
_y019329
_ZInternational Publications
995 _aSPECIAL COLLECTIONS
_e019346
_FCBU-MAIN LIBRARY (Kitwe)
_I0.00
_jIBRD(058)WT/1992
_M2
_UAVAILABLE
_WApr 29, 2014
_y019346
_ZInternational Publications
995 _aSPECIAL COLLECTIONS
_e019331
_FCBU-MAIN LIBRARY (Kitwe)
_I0.00
_jIBRD(058)WT/1993
_M3
_UAVAILABLE
_WApr 29, 2014
_y019331
_ZInternational Publications
995 _aSPECIAL COLLECTIONS
_D0.00
_e024814
_FCBU-MAIN LIBRARY (Kitwe)
_H1
_I58.00
_jIBRD(058)WT/1991
_M1
_UAVAILABLE
_y024814
_ZInternational Publications
999 _c83268
_d83268